000
00309nam a22001217a 4500
020
_a
0684858401
082
_a
158.1
100
_a
Stephen R. Covey
245
_a
First things first to live,to love,to learn to leave a legacy
260
_a
Australia
_b
Simon and Schuster
_c
1994
300
_a
360p
942
_c
BK
999
_c
2958
_d
2958